Lieder und Gesange mit Begleitung des Pianoforte. Hft. 5, Sechs Lieder. No. 1, Das alte Lied
| Main Author: | Lassen, Eduard, 1830-1904 |
|---|---|
| Language: | German |
| Published: |
Breslau : Hainauer, 1885 |
| Physical Description: |
3 s. |
| LEADER | 00757ncm a22002292a 4500 | ||
|---|---|---|---|
| 001 | 001155382 | ||
| 003 | CZ BrMZK | ||
| 005 | 20110624125854.0 | ||
| 007 | qu | ||
| 008 | 110624s1885 pl |||||||||||||||||ger d | ||
| 040 | |a BOA001 |b cze | ||
| 072 | 7 | |a 784 |x Vokální hudba |2 Konspekt |9 9 | |
| 100 | 1 | |a Lassen, Eduard, |d 1830-1904 |7 xx0058098 |4 cmp | |
| 245 | 1 | 0 | |a Lieder und Gesange mit Begleitung des Pianoforte. |n Hft. 5, Sechs Lieder. No. 1, Das alte Lied |h [hudebnina] / |c Eduard Lassen |
| 246 | 3 | 0 | |a Sechs Lieder |
| 246 | 3 | 0 | |a Alte Lied |
| 260 | |a Breslau : |b Hainauer, |c 1885 | ||
| 300 | |a 3 s. | ||
| 910 | |a BOA001 |b Mus4-0256.570,5 | ||
| 990 | |a MU | ||
| 991 | |b 201106 | ||
| 996 | 6 | |b 2619499871 |c Mus4-0256.570,5 |l MZK |r Sklad / do 1 hodiny |n 0 |w 001188485 |u 000010 |a 1 |e BOA001 |j MZK50 |s P | |
English
Čeština 